Moms Around the World Quiz Stats

 Plays Quiz Updated Apr 20, 2018

Also try: Parental Words
Challenge
Share
Tweet
Embed
Score 0/20 Timer 04:00
1 Play Today
% Correct
French
84.3%
German
73.7%
Chinese
61.4%
Greek
59.1%
Arabic
54.5%
Japanese
54.4%
Korean
53.5%
Latin
51.1%
Portuguese
46.8%
Thai
43.4%
% Correct
Hebrew
41.8%
Icelandic
36.7%
Finnish
34.1%
Polish
34%
Amharic
32.6%
Ukrainian
27.5%
Romanian
24.5%
Serbo-Croatian
22.7%
Zulu
17.7%
Turkish
14.8%

You're not logged in!

Compare scores with friends on all Sporcle quizzes.
OR
Log In

You Might Also Like...

Show Comments

Extras

Top Quizzes Today


Score Distribution

Your Account Isn't Verified!

In order to create a playlist on Sporcle, you need to verify the email address you used during registration. Go to your Sporcle Settings to finish the process.

Report this User

Report this user for behavior that violates our Community Guidelines.

Details: